La pobreza en Chile en el año 2000
Na minha lista:
| Autor principal: | |
|---|---|
| Formato: | Livro |
| Idioma: | espanhol |
| Publicado em: |
Santiago
CEPAL
2001
|
| Colecção: | Estudios Estadísticos y Prospectivos
|
| Assuntos: | |
| Tags: |
Adicionar Tag
Sem tags, seja o primeiro a adicionar uma tag!
|
MARC
| LEADER | 00000nam a2200000 a 4500 | ||
|---|---|---|---|
| 001 | UCN9600 | ||
| 003 | CL-VaPUC | ||
| 008 | 011207e20010000CL |||||||||||||||||spa|d | ||
| 082 | 0 | 4 | |a 339.46 |b FER |2 21 |
| 100 | 0 | |a Feres, Juan Carlos |e author |9 466156 | |
| 245 | 1 | 3 | |a La pobreza en Chile en el año 2000 |
| 300 | |a 59 p | ||
| 942 | |c BK | ||
| 945 | |d 20011207 00:00:00 |a crobeson | ||
| 260 | |a Santiago |b CEPAL |c 2001 | ||
| 650 | 0 | |a Pobreza |9 258652 | |
| 650 | 7 | |a DATOS ESTADISTICOS - 2000 |2 CL-VaPUC |9 466157 | |
| 650 | 7 | |a PROYECCIONES ECONOMICAS |2 CL-VaPUC |9 318710 | |
| 651 | 7 | |a CHILE |2 CL-VaPUC |9 466158 | |
| 583 | |a last modification |c 20011207 00:00:00 |k Rodrigo Vera | ||
| 490 | 0 | |a Estudios Estadísticos y Prospectivos | |
| 999 | |c 298905 |d 298903 | ||
| 952 | |0 0 |1 0 |4 0 |6 339_460000000000000_FER_2001 |7 0 |8 A |9 354907 |a BIBGIM |b BIBGIM |d 2019-11-21 |i 3782395 |o 339.46 FER 2001 |p 3782395 |r 2025-01-15 |w 2019-11-21 |y BK |k SSL | ||